000
00315nam a2200133Ia 4500
005
20251222143249.0
008
251222s9999||||xx |||||||||||||| ||spa||
020
_a
978-612-4031-89-2
082
_a
371.307.8/C17
100
_a
Calmels, Daniel
245
0
_a
Juegos en El Papel:
264
_b
Centauro
942
_c
LIB
999
_c
14892
_d
14892